Flagi państwowe, których wzór to pionowe lub poziome pasy - Statystyki

Ogólne statystyki
  • Ten quiz został rozwiązany 430 razy
    401 od ostatniego zresetowania
  • Średni wynik to 20 z 33
Statystyki odpowiedzi
Nazwa Kraju % Poprawnych
Polska
94%
Niemcy
88%
Rosja
87%
Francja
84%
Włochy
83%
Ukraina
80%
Austria
78%
Belgia
74%
Litwa
74%
Rumunia
74%
Holandia
73%
Estonia
71%
Łotwa
71%
Monako
67%
Indonezja
66%
Irlandia
66%
Węgry
64%
Bułgaria
63%
Luksemburg
60%
Czad
55%
Armenia
50%
Kolumbia
50%
Nigeria
48%
Jemen
45%
Wybrzeże Kości Słoniowej
44%
Tajlandia
40%
Mali
39%
Gwinea
34%
Gabon
32%
Mauritius
30%
Botswana
28%
Sierra Leone
27%
Gambia
26%
Nie znaleziono quizów pasujących do podanych kryteriów
Rozkład punktacji
Procent ludzi z każdym wynikiem
Percentyl według liczby udzielonych odpowiedzi
Twoja historia wyników
Nie rozwiązałeś tego quizu od ostatniego zresetowania